000 00845nam a2200253ua 4500
003 CO-ViMGA
005 20230915233127.0
008 130129s2013 ck a jr 00011 spa d
020 _a9789583039737
040 _aCO-ViMGA
_bspa
_cCO-ViMGA
043 _as-ck---
082 0 4 _aI808.83
_221
_bG78
245 0 3 _aLa grulla agradecida /
_cAnónimo ; ilustrador Miguel Ángel Carhuatocto.
250 _aEditor Javier R. Mahecha López.
260 _aBogotá :
_bPanamericana Editorial,
_c2013.
300 _a28 p. :
_bil. ;
_c23 cm.
490 _aBiblioteca del cuento
650 1 4 _aCuentos infantiles.
_9487
650 1 4 _aGrullas
_v Cuentos infantiles.
_93036
650 1 4 _aGratitud
_v Cuentos infantiles.
_93035
700 1 _aCarhuatocto, Miguel Ángel,
_eil.
_93037
700 1 _aMahecha López, Javier R.,
_eed.
_93038
942 _2ddc
_cBK
999 _c35409
_d35409